Lecciones de derecho canónico: introducción al derecho constitucional parte general

Guardat en:
Dades bibliogràfiques
Autor principal: Lombardía, Pedro (autor)
Format: Llibre
Publicat: Madrid, España: Tecnos, 1984.
Matèries:
Etiquetes: Afegir etiqueta
Sense etiquetes, Sigues el primer a etiquetar aquest registre!

MARC

LEADER 00000nam a22000007a 4500
003 CL-VaPUC
005 20220822114635.0
008 220718t1984 ||||| |||| 00| 0 eng d
999 |c 437143  |d 437141 
020 |a 84-309-1100-6 
040 |c Pontificia Universidad Católica de Valparaíso 
082 0 4 |a 262.94 LOM 1984  |2 21 
100 |a Lombardía, Pedro  |e autor  |9 616428 
245 1 0 |a Lecciones de derecho canónico: introducción al derecho constitucional parte general 
260 |a Madrid, España:  |b Tecnos,   |c 1984. 
300 |a 171 páginas.  
500 |a c.1 Donación Familia Prof. Alejandro Guzmán Brito 
583 |a last modification  |c 19921217 00:00:00  |k Cristina María Rojas Aguilar 
650 7 |a Derecho canónico  |2 CL-VaPUC  |9 297195 
942 |c BK  |2 ddc  |n 0 
952 |0 0  |1 0  |2 ddc  |4 0  |6 262_940000000000000_LOM_1984  |7 0  |8 C_AGB  |9 584892  |a BIBDER  |b BIBDER  |d 2022-07-18  |e Donación   |i 5653011  |o 262.94 LOM 1984  |p 5653011  |r 2023-01-25  |t 1  |w 2022-07-18  |y BK_US  |k AGB